000 00292nam a22001217a 4500
008 181015b xxu||||| |||| 00| 0 eng d
041 _aeng
080 _a371
100 _a25
101 _aEDU
245 _aBeginning to Read: Thinking and Learning about Print
_cAdams,M.J
942 _2udc
_cBK
999 _c49647
_d49647